| 000 | 00758nam a2200241 i 4500 | ||
|---|---|---|---|
| 001 | 101501 | ||
| 003 | ES-MaACL | ||
| 005 | 20230906182925.0 | ||
| 007 | t| | ||
| 008 | 051019s1978 sp ||||1| spa d | ||
| 245 | 0 | 3 |
_aEl medicamento y su entorno / _cJuan Altimiras, Joaquín Bonal, Pedro Cánovas ... [et al.]; prólogo de Ramón Espasa. |
| 250 | _a1ª ed. | ||
| 260 |
_aBarcelona : _bLaia, _c1978. |
||
| 300 |
_a185 p. : _bil. ; _c20 cm. |
||
| 490 | 1 | _aLaia paperback | |
| 650 | 4 |
_aMedicamentos. _914884 |
|
| 650 | 4 |
_aIndustria farmacéutica- _zEspaña. _9148580 |
|
| 700 | 1 |
_aAltimiras, Juan. _920542 |
|
| 700 | 1 |
_aEspasa i Oliver, Ramón. _947788 |
|
| 830 | 1 |
_aLaia paperback _9181897 |
|
| 852 |
_aES-MaACL _jA-8611 |
||
| 999 |
_c101501 _d101501 |
||